000 00916nam a2200241Ia 4500
003 OSt
005 20221005112230.0
006 a|||||r|||| 00| 0
007 ta
008 221004b |||||||| |||| 00| 0 pan d
020 _a8171433154 (pbk)
_c150
024 _a94652
037 _b220, 01/01/2009, H.K. Prakashan
_cTextual
040 _aCRL
_cCRL
_bpan
041 _2pan
_apan
082 _aO153,1N58:g, P2
100 _aਧਾਲੀਵਾਲ, ਬਲਦੇਵ ਸਿੰਘ, ਥਦ।
_9166281
245 0 _aਸਵਰਨਜੀਤ ਸਵੀ ਦਾ ਕਾਵਿੑਪ੍ਰਵਚਨ
260 _aਅੰਮ੍ਰਿਤਸਰ
_bਰਵੀ ਸਾਹਿਤ ਪ੍ਰਕਾਨ ਭਾਰਤ
_c2002
300 _a216ਪੰ
_ccm.
942 _hO153,1N58:g, P2
_cTEXL
_2cc
999 _c1024269
_d1024269